Land use control handbook
| Format: | Book |
|---|---|
| Published: |
Whiteknights :
College of Estate Management ,
1981
|
| Subjects: |
MARC
| LEADER | 00000cam a2200000 7i4500 | ||
|---|---|---|---|
| 001 | 0000001935 | ||
| 005 | 20021126.0 | ||
| 040 | |a INS | ||
| 090 | 0 | 0 | |a HD205. |b L243 1981 |
| 245 | 0 | 0 | |a Land use control handbook |c Collage of Estate Management |
| 260 | |a Whiteknights : |b College of Estate Management , |c 1981 | ||
| 300 | |a 27 cm | ||
| 650 | 0 | 0 | |a Land use |
| 999 | |a 0000001553 |b BOOK |c Open Shelf |e Default branch | ||